[Event "DEN-ch G7 Gr-1"]
[Site "Svendborg"]
[Date "2022.04.12"]
[Round "1"]
[White "Rasmussen, Johnny Koust"]
[Black "Hansen, Erik Olsgaard"]
[Result "0-1"]
[WhiteElo "1826"]
[BlackElo "1974"]
[PlyCount "126"]
[EventDate "2022.04.12"]
[EventType "swiss"]
[EventRounds "7"]
[EventCountry "DEN"]
[SourceTitle "EXT 2024"]
[Source "ChessBase"]
[SourceDate "2023.10.10"]
[SourceVersion "1"]
[SourceVersionDate "2023.10.10"]
[SourceQuality "1"]

1. e4 c6 2. d4 d5 3. exd5 cxd5 4. c4 Nf6 5. Nc3 Nc6 6. Nf3 Bg4 7. cxd5 Nxd5 8. Be2 e6 9. 0-0 Be7 10. Re1 0-0 11. Ne5 Bxe2 12. Nxc6 Bxd1 13. Nxd8 Rfxd8 14. Rxd1 Rac8 15. Ne2 Rc2 16. Kf1 Kf8 17. Rb1 Ke8 18. Ke1 Bb4+ 19. Bd2 Bxd2+ 20. Rxd2 Rc4 21. Rc1 Rdc8 22. Rxc4 Rxc4 23. Kd1 Kd7 24. a3 Kd6 25. Rd3 f5 26. Rg3 g6 27. Rh3 Rc7 28. Kd2 g5 29. Rd3 Nf6 30. Nc3 a6 31. h3 Nd5 32. Nxd5 Kxd5 33. f3 Rc4 34. Rb3 b5 35. Ke2 Rc2+ 36. Kf1 Kxd4 37. a4 Rc5 38. axb5 axb5 39. Ra3 Rc1+ 40. Kf2 Rc2+ 41. Kf1 Rxb2 42. Ra7 Ke3 43. Ra3+ Kf4 44. Ra6 e5 45. Rf6 e4 46. g4 Rb1+ 47. Kf2 e3+ 48. Ke2 Rb2+ 49. Ke1 Kxf3 50. Rxf5+ Kg3 51. Rxg5 Kxh3 52. Re5 Kxg4 53. Rxe3 h5 54. Re8 h4 55. Rg8+ Kf3 56. Rh8 Kg3 57. Rg8+ Kh2 58. Kf1 b4 59. Rb8 b3 60. Rb7 Rb1+ 61. Kf2 b2 62. Rb8 Rg1 63. Rb4 h3 0-1

[Event "DEN-ch G7-1"]
[Site "Svendborg"]
[Date "2018.03.29"]
[Round "3"]
[White "Hansen, Erik Olsgaard"]
[Black "Christensen, Jacob Foged"]
[Result "1-0"]
[WhiteElo "1952"]
[BlackElo "1945"]
[PlyCount "74"]
[EventDate "2018.03.27"]
[EventType "swiss"]
[EventRounds "7"]
[EventCountry "DEN"]
[SourceTitle "EXT 2019"]
[Source "ChessBase"]
[SourceDate "2018.10.10"]
[SourceVersion "1"]
[SourceVersionDate "2018.10.10"]
[SourceQuality "1"]

1. b3 d5 2. Bb2 Nf6 3. e3 Bf5 4. Nf3 Nbd7 5. Be2 e6 6. d3 c6 7. Nbd2 Qb6 8. 0-0 Be7 9. c4 h6 10. Re1 Rg8 11. cxd5 cxd5 12. Bd4 Bc5 13. Bxc5 Nxc5 14. Ne5 Nfd7 15. Nxd7 Nxd7 16. e4 dxe4 17. dxe4 Bg6 18. Nc4 Qc7 19. Rc1 Ke7 20. Qd4 e5 21. Qe3 Rgc8 22. Red1 Qc5 23. Nd6 Qxe3 24. Nxc8+ Rxc8 25. fxe3 Rxc1 26. Rxc1 Bxe4 27. Bf3 Bxf3 28. gxf3 Kd8 29. Kf2 Nf8 30. f4 Ne6 31. f5 Ng5 32. Rc4 g6 33. fxg6 fxg6 34. h4 Nf7 35. Kf3 Kd7 36. a4 a6 37. a5 g5 1-0

[Event "DEN-ch G7-1"]
[Site "Svendborg"]
[Date "2018.03.28"]
[Round "2"]
[White "Nielsen, Carsten Juul"]
[Black "Hansen, Erik Olsgaard"]
[Result "1-0"]
[WhiteElo "1892"]
[BlackElo "1952"]
[PlyCount "63"]
[EventDate "2018.03.27"]
[EventType "swiss"]
[EventRounds "7"]
[EventCountry "DEN"]
[SourceTitle "EXT 2019"]
[Source "ChessBase"]
[SourceDate "2018.10.10"]
[SourceVersion "1"]
[SourceVersionDate "2018.10.10"]
[SourceQuality "1"]

1. d4 f5 2. g3 e6 3. c4 Nf6 4. Nc3 Bb4 5. Bd2 Bxc3 6. Bxc3 Ne4 7. Rc1 0-0 8. Bg2 Nxc3 9. Rxc3 d6 10. Nf3 Nd7 11. 0-0 Nf6 12. Nd2 Qe8 13. e4 g6 14. Qe2 Rb8 15. e5 Nh5 16. f4 b6 17. Re1 Ng7 18. Ra3 a5 19. Re3 Qd8 20. d5 dxe5 21. Rxe5 exd5 22. Bxd5+ Kh8 23. Nf3 h6 24. Re7 Qd6 25. Ne5 Qc5+ 26. Qf2 Rf6 27. Qxc5 bxc5 28. Rxc7 Be6 29. Nd7 Bxd7 30. Rxd7 Re8 31. Rxe8+ Nxe8 32. Rd8 1-0

[Event "DEN-ch GS7-2"]
[Site "Svendborg"]
[Date "2016.03.19"]
[Round "2"]
[White "Hansen, Erik Olsgaard"]
[Black "Gottschalck, Christian"]
[Result "1-0"]
[WhiteElo "1897"]
[BlackElo "1789"]
[PlyCount "51"]
[EventDate "2016.03.19"]
[EventType "swiss"]
[EventCountry "DEN"]
[SourceTitle "EXT 2024"]
[Source "ChessBase"]
[SourceDate "2023.10.10"]
[SourceVersion "1"]
[SourceVersionDate "2023.10.10"]
[SourceQuality "1"]

1. b3 e5 2. Bb2 Nc6 3. e3 Nf6 4. Bb5 d6 5. Ne2 Bd7 6. 0-0 a6 7. Bxc6 Bxc6 8. d3 Be7 9. c4 0-0 10. Ng3 Qd7 11. e4 Qg4 12. Nf5 Rfe8 13. f3 Qg6 14. f4 Bf8 15. Nd2 Rad8 16. Nf3 Nd7 17. N5h4 Qe6 18. Ng5 Qf6 19. Qg4 h6 20. Nh3 Be7 21. g3 Qe6 22. f5 Qf6 23. Bc1 Nf8 24. Nf2 Bd7 25. Qe2 Nh7 26. Ng4 1-0

[Event "DEN-ch GS7-2"]
[Site "Svendborg"]
[Date "2016.03.19"]
[Round "1"]
[White "Nielsen, Mathias"]
[Black "Hansen, Erik Olsgaard"]
[Result "1/2-1/2"]
[WhiteElo "1839"]
[BlackElo "1897"]
[PlyCount "39"]
[EventDate "2016.03.19"]
[EventType "swiss"]
[EventCountry "DEN"]
[SourceTitle "EXT 2024"]
[Source "ChessBase"]
[SourceDate "2023.10.10"]
[SourceVersion "1"]
[SourceVersionDate "2023.10.10"]
[SourceQuality "1"]

1. e4 d5 2. exd5 Qxd5 3. Nc3 Qd6 4. Nf3 c6 5. Bc4 Bf5 6. d3 Nf6 7. h3 Nbd7 8. g4 Bg6 9. Qe2 e6 10. Be3 Qc7 11. 0-0-0 Nb6 12. Bb3 Nfd5 13. Bxb6 Nxb6 14. Ne5 0-0-0 15. h4 Bd6 16. Nf3 h5 17. Bxe6+ Kb8 18. Bf5 hxg4 19. Bxg4 Bb4 20. Qe5 1/2-1/2

[Event "DEN-ch G7-B"]
[Site "Skorping"]
[Date "2014.04.17"]
[Round "3"]
[White "Hansen, Erik Olsgaard"]
[Black "Andersen, Aage Kristian"]
[Result "1-0"]
[WhiteElo "1777"]
[BlackElo "1588"]
[PlyCount "25"]
[EventDate "2014.04.15"]
[EventType "swiss"]
[EventRounds "7"]
[EventCountry "DEN"]
[SourceTitle "EXT 2023"]
[Source "ChessBase"]
[SourceDate "2022.10.05"]
[SourceVersion "1"]
[SourceVersionDate "2022.10.05"]
[SourceQuality "1"]

1. e4 e6 2. Nf3 d6 3. d4 g6 4. Bg5 Be7 5. Bxe7 Nxe7 6. Nc3 0-0 7. Qd2 b6 8. 0-0-0 d5 9. e5 a6 10. g4 c5 11. Qh6 f6 12. exf6 Nec6 13. Qg7# 1-0

[Event "DEN-ch G7-B"]
[Site "Skorping"]
[Date "2014.04.16"]
[Round "2"]
[White "Rasmussen, Henning Lau"]
[Black "Hansen, Erik Olsgaard"]
[Result "1-0"]
[WhiteElo "1734"]
[BlackElo "1777"]
[PlyCount "113"]
[EventDate "2014.04.15"]
[EventType "swiss"]
[EventRounds "7"]
[EventCountry "DEN"]
[SourceTitle "EXT 2023"]
[Source "ChessBase"]
[SourceDate "2022.10.05"]
[SourceVersion "1"]
[SourceVersionDate "2022.10.05"]
[SourceQuality "1"]

1. f4 c5 2. e4 d6 3. Nf3 Nc6 4. Be2 Nf6 5. d3 e6 6. 0-0 Be7 7. Kh1 0-0 8. Nc3 a6 9. a4 b6 10. d4 Bb7 11. e5 dxe5 12. dxe5 Nd5 13. Nxd5 exd5 14. c3 Bc8 15. Qc2 g6 16. Be3 Be6 17. Rad1 Qc7 18. Bd3 c4 19. Be2 Bf5 20. Qd2 Rfd8 21. Nd4 Nxd4 22. Bxd4 Bc5 23. Ra1 Be4 24. Bf3 Bd3 25. Be2 Bxe2 26. Qxe2 Bxd4 27. cxd4 Qd7 28. f5 gxf5 29. Qh5 Kh8 30. Rxf5 Ra7 31. Raf1 Qxa4 32. Rxf7 Rxf7 33. Qxf7 Qd7 34. Qf6+ Kg8 35. Rf3 h5 36. Qg6+ Qg7 37. Qe6+ Kh8 38. Rh3 Qg5 39. Qf6+ Qxf6 40. exf6 Kh7 41. Rxh5+ Kg6 42. Re5 Kxf6 43. g4 Rd6 44. h4 Kg6 45. Kg2 b5 46. h5+ Kh6 47. Kg3 b4 48. Kh4 b3 49. g5+ Kg7 50. g6 Kf6 51. Rg5 Kg7 52. h6+ Kg8 53. Kh5 c3 54. Re5 Rd8 55. h7+ Kg7 56. Re7+ Kh8 57. Kh6 1-0

[Event "DEN-ch2A"]
[Site "Helsingor"]
[Date "2013.03.30"]
[Round "4"]
[White "Bjorneboe, Kristian"]
[Black "Hansen, Erik Olsgaard"]
[Result "0-1"]
[WhiteElo "1971"]
[BlackElo "1961"]
[PlyCount "98"]
[EventDate "2013.03.28"]
[EventType "swiss"]
[EventRounds "5"]
[EventCountry "DEN"]
[SourceTitle "EXT 2014"]
[Source "ChessBase"]
[SourceDate "2013.11.20"]
[SourceVersion "1"]
[SourceVersionDate "2013.11.20"]
[SourceQuality "1"]

1. d4 Nf6 2. Nf3 e6 3. Nbd2 d5 4. e3 b6 5. Ne5 Bb7 6. Bb5+ c6 7. Bd3 Bd6 8. f4 0-0 9. 0-0 c5 10. c3 cxd4 11. exd4 Ba6 12. Bxa6 Nxa6 13. Rf3 Nb8 14. Rh3 Nbd7 15. Qe1 Re8 16. Ndf3 Ne4 17. Ng5 Nxg5 18. fxg5 Bxe5 19. dxe5 Qc7 20. Bf4 Qc4 21. Qh4 Qe4 22. Re1 Qc2 23. Rc1 Qe4 24. Re1 Qg6 25. Rf1 Rac8 26. Rhf3 Rc4 27. Qg3 Rf8 28. Be3 Re4 29. Bd4 Re2 30. Qf4 Nxe5 31. Bxe5 Rxe5 32. h4 h6 33. Qg3 Re2 34. gxh6 Qxh6 35. Qc7 Qg6 36. Rg3 Qh5 37. Qxa7 Qxh4 38. Rgf3 Qg5 39. R1f2 Qc1+ 40. Kh2 Re1 41. Qe7 Rh1+ 42. Kg3 Qh6 43. Rf4 Qh2+ 44. Kf3 Qh5+ 45. g4 Rh3+ 46. Ke2 Qg6 47. Qb4 Qc2+ 48. Ke1 Qc1+ 49. Ke2 Re3# 0-1

[Event "Lovsprings op 11th B"]
[Site "Ringsted"]
[Date "2000.05.12"]
[Round "7"]
[White "Hansen, Erik Olsgaard"]
[Black "Rasmussen, Henning H"]
[Result "0-1"]
[WhiteElo "1659"]
[BlackElo "1834"]
[PlyCount "148"]
[EventDate "2000.03.24"]
[EventType "swiss"]
[EventRounds "7"]
[EventCountry "DEN"]
[SourceTitle "EXT 2023"]
[Source "ChessBase"]
[SourceDate "2022.10.05"]
[SourceVersion "1"]
[SourceVersionDate "2022.10.05"]
[SourceQuality "1"]

1. f4 d5 2. e3 c5 3. Nf3 Nc6 4. Bb5 Bd7 5. b3 Nf6 6. Bb2 e6 7. Bxc6 Bxc6 8. Ne5 Rc8 9. d3 Be7 10. 0-0 0-0 11. Nd2 b5 12. Nxc6 Rxc6 13. a4 b4 14. e4 dxe4 15. dxe4 Rd6 16. Rf2 Nxe4 17. Qg4 Nf6 18. Qe2 g6 19. Re1 Rd7 20. Nc4 Qc7 21. g4 Rfd8 22. g5 Nh5 23. Be5 Qb7 24. Bb2 Qc7 25. Qe4 Rd1 26. Be5 Rxe1+ 27. Qxe1 Qc6 28. Rd2 Rxd2 29. Qxd2 Qd5 30. Qxd5 exd5 31. Ne3 d4 32. Nd5 Kf8 33. Bb8 a6 34. Kf2 f6 35. Kf3 fxg5 36. Nxe7 Kxe7 37. fxg5 Ke6 38. Ke4 Ng7 39. Ba7 Kd6 40. Bb8+ Ke6 41. Ba7 Kd6 42. Bb8+ Kc6 43. Ke5 Nf5 44. Ke4 Ne3 45. Kd3 Kd5 46. Ba7 Ng4 47. h4 Ne5+ 48. Ke2 Nd7 49. Kd3 Kc6 50. Ke4 Kb7 51. Bxc5 Nxc5+ 52. Kxd4 Kc6 53. Ke5 Kd7 54. Kd5 Nb7 55. Kc4 a5 56. Kb5 Kc7 57. Kc4 Kc6 58. Kd4 Kd6 59. Kc4 Ke5 60. Kb5 Kf4 61. Kb6 Kg4 62. Kxb7 Kxh4 63. Kb6 Kxg5 64. Kxa5 h5 65. Kxb4 h4 66. c4 h3 67. c5 h2 68. a5 h1Q 69. a6 Qc6 70. a7 Qb7+ 71. Kc4 Qxa7 72. b4 Kf5 73. Kd5 Qd7+ 74. Kc4 Ke5 0-1

[Event "Lovsprings op 11th B"]
[Site "Ringsted"]
[Date "2000.03.31"]
[Round "2"]
[White "Henriksen, Kasper"]
[Black "Hansen, Erik Olsgaard"]
[Result "1-0"]
[WhiteElo "1756"]
[BlackElo "1659"]
[PlyCount "55"]
[EventDate "2000.03.24"]
[EventType "swiss"]
[EventRounds "7"]
[EventCountry "DEN"]
[SourceTitle "EXT 2023"]
[Source "ChessBase"]
[SourceDate "2022.10.05"]
[SourceVersion "1"]
[SourceVersionDate "2022.10.05"]
[SourceQuality "1"]

1. Nf3 d5 2. d4 c6 3. c4 Bf5 4. Nc3 e6 5. Bg5 Be7 6. Bxe7 Nxe7 7. e3 0-0 8. Be2 Nd7 9. 0-0 dxc4 10. Bxc4 Nd5 11. Qb3 Nxc3 12. Qxc3 Nb6 13. Nd2 Qg5 14. Kh1 h5 15. Rfe1 Rfd8 16. e4 Bg6 17. Nf3 Qf6 18. Rac1 Nxc4 19. Qxc4 Qf4 20. Qe2 f5 21. e5 h4 22. Qe3 Qg4 23. h3 Qe4 24. Qg5 Qd5 25. Qxg6 Qxa2 26. Ng5 Qxb2 27. Qh7+ Kf8 28. Qh8+ 1-0

[Event "Lovsprings op 11th B"]
[Site "Ringsted"]
[Date "2000.03.24"]
[Round "1"]
[White "Eckert, Svend"]
[Black "Hansen, Erik Olsgaard"]
[Result "0-1"]
[WhiteElo "1650"]
[BlackElo "1659"]
[PlyCount "130"]
[EventDate "2000.03.24"]
[EventType "swiss"]
[EventRounds "7"]
[EventCountry "DEN"]
[SourceTitle "EXT 2023"]
[Source "ChessBase"]
[SourceDate "2022.10.05"]
[SourceVersion "1"]
[SourceVersionDate "2022.10.05"]
[SourceQuality "1"]

1. e4 c6 2. f4 d5 3. e5 e6 4. d4 c5 5. Nf3 Nc6 6. c3 Qb6 7. b3 cxd4 8. cxd4 Bb4+ 9. Kf2 Nh6 10. h3 Bd7 11. a3 Be7 12. g4 f6 13. Nc3 Nf7 14. Na4 Qd8 15. b4 fxe5 16. dxe5 b6 17. Bb2 0-0 18. h4 Nh6 19. Kg3 Qe8 20. Ng5 Nf7 21. Bd3 g6 22. Qc2 Ncxe5 23. Bxe5 Nxe5 24. fxe5 Bxa4 25. Qd2 Bxg5 26. Qxg5 Bb5 27. Qe3 Rc8 28. Rac1 Rxc1 29. Rxc1 Bxd3 30. Qxd3 Qf7 31. Qe3 Qd7 32. h5 gxh5 33. Qg5+ Qg7 34. Qxh5 Qf7 35. Qg5+ Kh8 36. Qe3 Qg7 37. Rh1 Rf5 38. Rc1 Rf8 39. Rh1 Qg6 40. Rh6 Qf7 41. Rf6 Qe7 42. g5 Rxf6 43. gxf6 Qf7 44. Qf4 Qg6+ 45. Kf3 h5 46. Ke3 Kg8 47. Qh4 Kf7 48. a4 a5 49. bxa5 bxa5 50. Qh1 Qg5+ 51. Kd4 Qf4+ 52. Kc5 Qxe5 53. Qf3 Qxf6 54. Qxh5+ Qg6 55. Qf3+ Ke7 56. Kb5 Qe4 57. Qd1 Qb4+ 58. Ka6 Kd6 59. Qa1 Kc6 60. Qg1 d4 61. Qg2+ Kc5 62. Qg5+ Kc4 63. Qe5 Qxa4 64. Qxe6+ Kc3 65. Qc8+ Qc4+ 0-1

[Event "Lovsprings op 07th C"]
[Site "Ringsted"]
[Date "1995.05.05"]
[Round "6"]
[White "Hansen, Erik Olsgaard"]
[Black "Eddy, Samuel"]
[Result "1/2-1/2"]
[WhiteElo "1565"]
[BlackElo "1690"]
[PlyCount "77"]
[EventDate "1995.03.10"]
[EventType "swiss"]
[EventRounds "7"]
[EventCountry "DEN"]
[SourceTitle "EXT 2023"]
[Source "ChessBase"]
[SourceDate "2022.10.05"]
[SourceVersion "1"]
[SourceVersionDate "2022.10.05"]
[SourceQuality "1"]

1. e4 c6 2. d4 d5 3. e5 Bf5 4. g4 Be4 5. f3 Bg6 6. h4 h5 7. Bd3 Bxd3 8. Qxd3 e6 9. g5 Ne7 10. Ne2 Nf5 11. f4 Nd7 12. Ng3 Nxg3 13. Qxg3 g6 14. Be3 Qb6 15. b3 a5 16. 0-0 c5 17. c3 cxd4 18. Bxd4 Bc5 19. Qe3 Bxd4 20. Qxd4 Qxd4+ 21. cxd4 Rc8 22. Na3 Ke7 23. Rac1 Rc6 24. Rxc6 bxc6 25. Rc1 a4 26. Rxc6 axb3 27. axb3 Ra8 28. Nb5 Rb8 29. Nd6 Rxb3 30. Kg2 Rb4 31. Rc7 Rxd4 32. Kf3 Rb4 33. Nxf7 Rb3+ 34. Kg2 Kxf7 35. Rxd7+ Kf8 36. Rd8+ Ke7 37. Rd6 Rb7 38. Kf3 Rd7 39. Ra6 1/2-1/2

[Event "Lovsprings op 06th E"]
[Site "Ringsted"]
[Date "1994.04.10"]
[Round "3"]
[White "Hansen, Erik Olsgaard"]
[Black "Riise, Kim"]
[Result "1-0"]
[WhiteElo "1328"]
[BlackElo "1308"]
[PlyCount "146"]
[EventDate "1994.03.27"]
[EventType "swiss"]
[EventRounds "7"]
[EventCountry "DEN"]
[SourceTitle "EXT 2023"]
[Source "ChessBase"]
[SourceDate "2022.10.05"]
[SourceVersion "1"]
[SourceVersionDate "2022.10.05"]
[SourceQuality "1"]

1. e4 c6 2. d4 d5 3. e5 Bf5 4. Bd3 Bxd3 5. Qxd3 e6 6. Ne2 Nd7 7. Bd2 c5 8. c3 c4 9. Qc2 h6 10. 0-0 Ne7 11. f4 h5 12. b4 Nf5 13. Rf3 h4 14. g4 hxg3 15. Nxg3 Nxg3 16. Rxg3 Qh4 17. Be3 g6 18. Qg2 Bh6 19. Rh3 Qe1+ 20. Qf1 Qxf1+ 21. Kxf1 0-0-0 22. Nd2 Bg7 23. Rxh8 Rxh8 24. Nf3 f6 25. Kg2 g5 26. exf6 Nxf6 27. fxg5 Ne4 28. Rc1 Re8 29. Nd2 Nd6 30. Bf4 Nf5 31. Nf3 Ne7 32. Be5 Bf8 33. h4 Nf5 34. Kh3 Re7 35. Rg1 Ne3 36. Bf6 Rc7 37. Ne5 Nf5 38. Ng6 Bg7 39. Bxg7 Rxg7 40. Ne5 Rh7 41. Rg4 Ne3 42. Rf4 Nf5 43. g6 Rh6 44. Rg4 Ng7 45. Nf7 Rh5 46. Rg5 Rxg5 47. Nxg5 Kd8 48. Nf7+ Ke7 49. Kg4 Kf6 50. h5 Nf5 51. Ne5 Nh6+ 52. Kf4 Nf5 53. Nd7+ Ke7 54. g7 Kf7 55. Nc5 Nxg7 56. h6 Nh5+ 57. Ke5 Nf6 58. Nxe6 Ng4+ 59. Kxd5 Nxh6 60. Nd8+ Ke7 61. Nxb7 Nf7 62. Kxc4 Kd7 63. Kb5 Kc7 64. Ka6 Ng5 65. Kxa7 Ne4 66. c4 Nd6 67. Nxd6 Kxd6 68. b5 Kc7 69. b6+ Kd7 70. b7 Kc6 71. b8Q Kd7 72. Qb6 Kc8 73. Qb7+ Kd8 1-0

[Event "Lovsprings op 06th E"]
[Site "Ringsted"]
[Date "1994.04.03"]
[Round "2"]
[White "Brons, Brian"]
[Black "Hansen, Erik Olsgaard"]
[Result "1/2-1/2"]
[WhiteElo "1284"]
[BlackElo "1328"]
[PlyCount "71"]
[EventDate "1994.03.27"]
[EventType "swiss"]
[EventRounds "7"]
[EventCountry "DEN"]
[SourceTitle "EXT 2023"]
[Source "ChessBase"]
[SourceDate "2022.10.05"]
[SourceVersion "1"]
[SourceVersionDate "2022.10.05"]
[SourceQuality "1"]

1. e4 c5 2. Nf3 d6 3. d4 cxd4 4. Nxd4 Nf6 5. Nc3 a6 6. Bc4 e6 7. Be3 b5 8. Bb3 Bb7 9. f3 Nc6 10. Nxc6 Bxc6 11. a3 Be7 12. 0-0 0-0 13. Ne2 d5 14. e5 Nd7 15. f4 Bc5 16. Bd4 Bxd4+ 17. Qxd4 Qb6 18. Qxb6 Nxb6 19. Nd4 Rac8 20. c3 Nd7 21. Bc2 Nc5 22. Rae1 Bd7 23. Rf3 h5 24. Rh3 g6 25. Rg3 Kh7 26. Rh3 Kh6 27. g4 Rg8 28. Kf1 Rh8 29. g5+ Kg7 30. Rg3 Rhe8 31. h4 Nb7 32. Bb3 Na5 33. Ba2 Nc6 34. Nxc6 Rxc6 35. Rd1 Rec8 36. Rd4 1/2-1/2